000 00628nam a2200217Ia 4500
003 BUBTL
008 151213s9999 xx 000 0 und d
082 _a364 / Su841p / 1955
100 _aSutherland, Edwin H.
_94113
245 _aPrinciples Of Criminology
_cEdwin H. Sutherland, Donald R. Cressey
250 _a6th
260 _aNew York
_bJ.B. Lippincatt Company
_cc1955
300 _a646 p . :
_c22 cm.
500 _aIncludes Index
650 _aLaw
650 _aLaw
_94190
700 _aEdwin H. Sutherland, Donald R. Cressey
856 _k0
_l0
_yDownload
942 _2ddc
_cBK
999 _c3124
_d3124